[Event "Valle Region-ch"]
[Site "Cali"]
[Date "2013.06.28"]
[Round "2.9"]
[White "Mendoza Ramirez, Rodolfo"]
[Black "Rua, Nora L"]
[Result "0-1"]
[WhiteElo "1600"]
[BlackElo "1952"]
[PlyCount "66"]
[EventDate "2013.06.28"]
[EventType "swiss"]
[EventRounds "5"]
[EventCountry "COL"]
[SourceTitle "EXT 2024"]
[Source "ChessBase"]
[SourceDate "2023.10.10"]
[SourceVersion "1"]
[SourceVersionDate "2023.10.10"]
[SourceQuality "1"]

1. e4 e5 2. Nf3 Nc6 3. Bc4 Nf6 4. d3 Bc5 5. c3 Bb6 6. 0-0 0-0 7. Bg5 h6 8. Bh4 Kh8 9. Qd2 d6 10. b4 Bg4 11. Qe2 g5 12. Bg3 Nh5 13. Nbd2 Qf6 14. Rad1 Ne7 15. a4 a6 16. Kh1 Ng6 17. h3 Nhf4 18. Qe1 Nxh3 19. gxh3 Bxf3+ 20. Kh2 h5 21. Kg1 h4 22. Bh2 g4 23. hxg4 Bxg4 24. Kg2 h3+ 25. Kh1 Rg8 26. Bg3 Be2 27. d4 Bxf1 28. Bxf1 exd4 29. c4 Nh4 30. Rc1 d3 31. Qd1 Bxf2 32. Bxf2 Qxf2 33. Qe1 Rg1# 0-1